| 000 | 00734nam a22001935i 4500 | ||
|---|---|---|---|
| 001 | 156834 | ||
| 003 | ES-MaACL | ||
| 005 | 20230906210517.0 | ||
| 008 | 040805s1889 fr |||| | fre d | ||
| 040 |
_aCAM _bspa _cCAM |
||
| 100 | 1 |
_aLachau, Charles. _9128558 |
|
| 245 | 1 | 0 |
_aDe l'exécution des jugements étrangers d'après la jurisprudence française _b: avec le texte des principaux arrêts et jugements / _cpar Charles Lachau et Christian Daguin. |
| 260 |
_aParis : _bL. Larose et Forcel, _c1889 ( _eBar-le-Duc : _fImprimerie Contant-Laguerre) |
||
| 300 |
_a240 p. ; _c23 cm. |
||
| 650 | 4 |
_aJusticia- _zFrancia. _9222668 |
|
| 700 | 1 | 1 |
_aDaguin, Christian. _942435 |
| 852 |
_aES-MaACL _jF-1127 _z-- Rust. |
||
| 999 |
_c156834 _d156834 |
||